• 首页
  • 本馆介绍
  • 公告通知
  • 最新文献
  • 馆藏检索
  • 电子资源
  • 读者导购
  • 参考咨询
  • 我的图书馆
  • 登录
  • 详细信息显示
  • 放入我的书架
  • 预约/预借图书
  • 作者相关作品
  • 分类相关作品
  • 丛书相关作品
  • 出版社相关作品

书目信息

  • 表格格式
  • 工作单格式
  • 卡片格式
题名:
文笔精华
    
 
作者: 秦似 主编
分册:  
出版信息: 南宁   广西人民出版社  1981.10
页数: 204页
开本: 19cm
丛书名:
单 册:
中图分类: H042
科图分类:
主题词: 文学创作--人物形象 , 语法学
电子资源:
ISBN:
000 00618nam0 2200217 45
001 0404241097
005 20060802103430.92
010    @dCNY0.54
091    @a7113.402
100    @a20040424d1981 km y0chiy0120 ea
101 0  @achi
200 1  @a文笔精华@AWen Bi Jing Hua@e名家笔下的人@EMing Jia Bi Xia De Ren@f秦似主编@FQin Si Zhu Bian
210    @a南宁@c广西人民出版社@d1981.10
215    @a204页@d19cm
517    @a名家笔下的人@AMing Jia Bi Xia De Ren
606 0  @a文学创作@x人物形象
606 0  @a语法学
690    @aH042@v3
701  0 @a秦似@4主编
801    @aCN@bPftUser@c20060802
905    @dH042@e33@f1@b170550
    
    文笔精华:名家笔下的人/秦似主编.-南宁:广西人民出版社,1981.10
    204页;19cm
    
    
    ISBN :CNY0.54
    
●
相关链接 在E读中查询图书 在五车中查询图书 在当当中查询图书 在豆瓣中查询图书


正题名:文笔精华     索取号:H042/33         预约/预借

序号 登录号 条形码 馆藏地/架位号 状态 备注
1 0080017   000907166   密集书库/ [索取号:H042/33] 在馆    
2 0170547   000904427   第四借阅区/ [索取号:H042/33] 在馆    
3 0170548   000904445   第四借阅区/ [索取号:H042/33] 在馆    
4 0170549   000904436   第四借阅区/ [索取号:H042/33] 在馆    
5 0170550   002018569   密集书库/ [索取号:H042/33] 在馆    
6 0443894   204438947   密集书库/ [索取号:H042/33] 在馆    
7 0444224   204442246   密集书库/ [索取号:H042/33] 在馆    
8 0462686   204626869   密集书库/ [索取号:H042/33] 在馆    
9 0462687   204626878   密集书库/ [索取号:H042/33] 在馆    
10 0462688   204626887   密集书库/ [索取号:H042/33] 在馆    
11 0462689   204626896   密集书库/ [索取号:H042/33] 在馆    
12 0466182   204661829   密集书库/ [索取号:H042/33] 在馆    
13 0466183   204661838   密集书库/ [索取号:H042/33] 在馆    
14 0474980   204749807   密集书库/ [索取号:H042/33] 在馆    
欢迎您!
大连网信软件有限公司© 版权所有